Tratado de la ley-tratado de la Justicia-Opúsculo sobre el gobierno de los príncipes

Guardat en:
Dades bibliogràfiques
Autor principal: Aquino, Santo Tomás de
Format: Llibre
Idioma:Undetermined
Publicat: Argentina Editorial Porrúa 1975
Matèries:
Etiquetes: Afegir etiqueta
Sense etiquetes, Sigues el primer a etiquetar aquest registre!

MARC

LEADER 00000nam a2200000Ia 4500
008 170316s9999 xx 000 0 und d
090 |a 100 A-31t 
100 |a Aquino, Santo Tomás de 
245 |a Tratado de la ley-tratado de la Justicia-Opúsculo sobre el gobierno de los príncipes 
260 |a Argentina 
260 |b Editorial Porrúa 
260 |c 1975 
300 |a 401 páginas 
650 |a FILOSOFÍA 
999 |c 15520  |d 15520 
040 |a cru BVZT 
942 |c 15 D  |h 100 A-31t  |2 z